000 00936nam a22002297a 4500
999 _c59055
_d59055
005 20221115105348.0
008 221115s1991en xxu||||| |||| 00| 0 eng d
020 _a9780521407182 X
080 _a811.111.1 R-66
100 _aRoach, Peter (Peter John)
_915807
245 _aEnglish phonetics and phonology :
_ba practical course /
_c Peter Roach.
250 _asecond edition
264 _aCambridge :
_b New York : Cambridge University Press,
_c1991.
300 _a261 p.:
_b23 cm.
653 _aEnglish phonetics and phonology
653 _a English language--Phonetics.
653 _aEnglish language--Phonology.
653 _aEnglish language--Study and teaching--Foreign speakers.
653 _aინგლისური ფონეტიკა და ფონოლოგია: პრაქტიკული კურსი
653 _aინგლისური გრამატიკა
942 _2udc
_cBK